000 00387nam a22001577a 4500
005 20160916094811.0
008 160916b xxu||||| |||| 00| 0 eng d
020 _a978-0-07-107010-2
041 _aeng
100 _aNeamerw, Donald A
_93550
245 _aSemiConductor Physics and Device
260 _bTMH
_c2015
300 _a494
650 _aInformation Technolgy
_93493
942 _cBK
999 _c5240
_d5238